000 00801cam a2200217 4500
008 020527n1999 000 0 eng u
020 _a1900858355
035 _a(Sirsi) u118746
041 _aeng.
050 _a690.24
110 _aBuilding Maintenance Information
_93229
245 _aOccupancy costs of industrial buildings
260 _aLondon
_bBuilding Maintenance Information
_c1999
300 _a60p.
_c30cm.
490 _aBMI Special Report
_v280
520 _aThis item is part of a subscription service and cannot be photocopied. Neither can any part of it be read over the phone. Please contact BMI direct on 020 7222 7000 for details.
650 _aOCCUPANCY COSTS
650 _aINDUSTRIAL PROPERTY
690 _aBUILDING AND CONSTRUCTION-REPAIRS AND MAINTENANCE
942 _n0
999 _c102173
_d102173